[Event "European Chess Club Cup 2023"]
[Site "Durres, Albania"]
[Date "2023.10.03"]
[Round "3.34"]
[White "Cheparinov, Ivan"]
[Black "Tomic, Aleksandar"]
[Result "1-0"]
[TimeControl "90' + 30' & 30\""]
[WhiteElo "2658"]
[BlackElo "2405"]

1. e4 {[%clk 01:30:55]} {[%emt 00:00:05]} d5 {[%clk 01:29:30]} {[%emt
00:01:31]} 2. exd5 {[%clk 01:31:17]} {[%emt 00:00:07]} Qxd5 {[%clk 01:29:53]}
{[%emt 00:00:07]} 3. Nc3 {[%clk 01:31:42]} {[%emt 00:00:05]} Qe5+ {[%clk
01:30:04]} {[%emt 00:00:20]} 4. Be2 {[%clk 01:30:18]} {[%emt 00:01:54]} Bg4
{[%clk 01:30:06]} {[%emt 00:00:27]} 5. d4 {[%clk 01:29:33]} {[%emt 00:01:15]}
Bxe2 {[%clk 01:30:27]} {[%emt 00:00:09]} 6. Ngxe2 {[%clk 01:29:06]} {[%emt
00:00:58]} Qa5 {[%clk 01:30:29]} {[%emt 00:00:27]} 7. O-O {[%clk 01:26:49]}
{[%emt 00:02:47]} Nf6 {[%clk 01:27:43]} {[%emt 00:03:16]} 8. Nf4 {[%clk
01:22:22]} {[%emt 00:04:57]} e6 {[%clk 01:21:02]} {[%emt 00:07:12]} 9. d5
{[%clk 01:12:34]} {[%emt 00:10:18]} Bd6 {[%clk 01:16:48]} {[%emt 00:04:43]} 10.
dxe6 {[%clk 01:11:58]} {[%emt 00:01:06]} O-O {[%clk 01:10:10]} {[%emt
00:07:08]} 11. Nfd5 {[%clk 01:06:07]} {[%emt 00:06:22]} Nxd5 {[%clk 01:03:52]}
{[%emt 00:06:48]} 12. exf7+ {[%clk 01:06:31]} {[%emt 00:00:05]} Rxf7 {[%clk
01:03:37]} {[%emt 00:00:45]} 13. Qxd5 {[%clk 01:06:55]} {[%emt 00:00:06]} Qxd5
{[%clk 01:01:45]} {[%emt 00:02:22]} 14. Nxd5 {[%clk 01:07:20]} {[%emt
00:00:05]} Nc6 {[%clk 01:00:33]} {[%emt 00:01:42]} 15. Be3 {[%clk 01:06:56]}
{[%emt 00:00:54]} Ne5 {[%clk 00:56:56]} {[%emt 00:04:08]} 16. Rad1 {[%clk
01:02:34]} {[%emt 00:04:51]} Ng4 {[%clk 00:54:05]} {[%emt 00:03:21]} 17. g3
{[%clk 00:58:05]} {[%emt 00:04:59]} Nxe3 {[%clk 00:47:08]} {[%emt 00:07:27]} 18.
Nxe3 {[%clk 00:57:47]} {[%emt 00:00:48]} Bc5 {[%clk 00:45:10]} {[%emt
00:02:28]} 19. Rd5 {[%clk 00:53:03]} {[%emt 00:05:15]} b6 {[%clk 00:35:15]}
{[%emt 00:10:24]} 20. Rd2 {[%clk 00:49:18]} {[%emt 00:04:15]} Bxe3 {[%clk
00:27:09]} {[%emt 00:08:36]} 21. fxe3 {[%clk 00:49:08]} {[%emt 00:00:40]} Re7
{[%clk 00:27:18]} {[%emt 00:00:21]} 22. Rd3 {[%clk 00:48:35]} {[%emt 00:01:03]}
Rae8 {[%clk 00:25:25]} {[%emt 00:02:23]} 23. Kf2 {[%clk 00:48:53]} {[%emt
00:00:13]} c5 {[%clk 00:16:11]} {[%emt 00:09:42]} 24. c4 {[%clk 00:48:19]}
{[%emt 00:01:04]} h5 {[%clk 00:05:57]} {[%emt 00:10:45]} 25. h4 {[%clk
00:43:47]} {[%emt 00:05:03]} Re4 {[%clk 00:04:05]} {[%emt 00:02:22]} 26. b3
{[%clk 00:44:12]} {[%emt 00:00:04]} R8e7 {[%clk 00:02:43]} {[%emt 00:01:52]} 27.
Ke2 {[%clk 00:44:25]} {[%emt 00:00:17]} Rg4 {[%clk 00:02:11]} {[%emt 00:01:02]}
28. Rf3 {[%clk 00:44:36]} {[%emt 00:00:20]} g6 {[%clk 00:00:38]} {[%emt
00:02:02]} 29. Kf2 {[%clk 00:44:32]} {[%emt 00:00:34]} g5 {[%clk 00:00:37]}
{[%emt 00:00:32]} 30. hxg5 {[%clk 00:41:51]} {[%emt 00:03:11]} Rxg5 {[%clk
00:00:59]} {[%emt 00:00:08]} 31. Rf4 {[%clk 00:41:48]} {[%emt 00:00:32]} Reg7
{[%clk 00:00:32]} {[%emt 00:00:57]} 32. e4 {[%clk 00:39:11]} {[%emt 00:03:07]}
Kh7 {[%clk 00:00:34]} {[%emt 00:00:29]} 33. Kg2 {[%clk 00:35:45]} {[%emt
00:03:55]} a6 {[%clk 00:00:32]} {[%emt 00:00:33]} 34. a4 {[%clk 00:26:50]}
{[%emt 00:09:24]} b5 {[%clk 00:00:31]} {[%emt 00:00:31]} 35. axb5 {[%clk
00:26:32]} {[%emt 00:00:49]} axb5 {[%clk 00:00:54]} {[%emt 00:00:07]} 36. cxb5
{[%clk 00:26:57]} {[%emt 00:00:05]} Rb7 {[%clk 00:00:49]} {[%emt 00:00:34]} 37.
Rd5 {[%clk 00:27:26]} {[%emt 00:00:02]} Rxd5 {[%clk 00:00:33]} {[%emt
00:00:46]} 38. exd5 {[%clk 00:27:54]} {[%emt 00:00:01]} Rxb5 {[%clk 00:00:35]}
{[%emt 00:00:29]} 39. Rf3 {[%clk 00:28:23]} {[%emt 00:00:01]} Kg6 {[%clk
00:00:32]} {[%emt 00:00:33]} 40. d6 {[%clk 00:27:57]} {[%emt 00:00:55]} Rb8
{[%clk 00:00:31]} {[%emt 00:00:31]} 41. d7 {[%clk 00:26:10]} {[%emt 00:02:18]}
1-0

[Event "European Chess Club Cup 2023"]
[Site "Durres, Albania"]
[Date "2023.10.03"]
[Round "3.35"]
[White "Djurovic, Peko"]
[Black "Santos Latasa, Jaime"]
[Result "1/2-1/2"]
[TimeControl "90' + 30' & 30\""]
[WhiteElo "2327"]
[BlackElo "2650"]

1. e4 {[%clk 01:30:56]} {[%emt 00:00:03]} c5 {[%clk 01:30:53]} {[%emt
00:00:07]} 2. Nf3 {[%clk 01:31:09]} {[%emt 00:00:17]} Nc6 {[%clk 01:31:19]}
{[%emt 00:00:05]} 3. Bb5 {[%clk 01:30:58]} {[%emt 00:00:41]} e6 {[%clk
01:31:42]} {[%emt 00:00:06]} 4. c3 {[%clk 01:28:04]} {[%emt 00:03:24]} a6
{[%clk 01:30:20]} {[%emt 00:01:52]} 5. Ba4 {[%clk 01:26:57]} {[%emt 00:01:36]}
b5 {[%clk 01:29:34]} {[%emt 00:01:17]} 6. Bc2 {[%clk 01:27:18]} {[%emt
00:00:09]} Bb7 {[%clk 01:29:45]} {[%emt 00:00:19]} 7. O-O {[%clk 01:26:02]}
{[%emt 00:01:45]} Nge7 {[%clk 01:28:37]} {[%emt 00:01:39]} 8. d4 {[%clk
01:20:31]} {[%emt 00:06:01]} cxd4 {[%clk 01:27:13]} {[%emt 00:01:55]} 9. Nxd4
{[%clk 01:09:34]} {[%emt 00:11:26]} Nxd4 {[%clk 01:26:58]} {[%emt 00:00:45]} 10.
cxd4 {[%clk 01:09:36]} {[%emt 00:00:27]} Ng6 {[%clk 01:27:23]} {[%emt
00:00:06]} 11. g3 {[%clk 01:07:31]} {[%emt 00:02:35]} Bd6 {[%clk 01:25:01]}
{[%emt 00:02:52]} 12. Nc3 {[%clk 00:56:00]} {[%emt 00:12:01]} b4 {[%clk
01:20:00]} {[%emt 00:05:32]} 13. Ne2 {[%clk 00:54:54]} {[%emt 00:01:36]} O-O
{[%clk 01:20:16]} {[%emt 00:00:14]} 14. e5 {[%clk 00:39:28]} {[%emt 00:15:55]}
Bb8 {[%clk 01:08:36]} {[%emt 00:12:10]} 15. h4 {[%clk 00:35:56]} {[%emt
00:04:02]} f5 {[%clk 01:01:54]} {[%emt 00:07:12]} 16. Bg5 {[%clk 00:31:07]}
{[%emt 00:05:19]} Qe8 {[%clk 01:00:32]} {[%emt 00:01:52]} 17. Qd2 {[%clk
00:27:42]} {[%emt 00:03:54]} h6 {[%clk 00:55:51]} {[%emt 00:05:11]} 18. Be3
{[%clk 00:23:21]} {[%emt 00:04:51]} Nxh4 {[%clk 00:54:52]} {[%emt 00:01:30]} 19.
gxh4 {[%clk 00:21:42]} {[%emt 00:02:09]} Qg6+ {[%clk 00:54:01]} {[%emt
00:01:21]} 20. Bg5 {[%clk 00:17:25]} {[%emt 00:04:47]} Qh5 {[%clk 00:53:16]}
{[%emt 00:01:15]} 21. f3 {[%clk 00:15:21]} {[%emt 00:02:34]} hxg5 {[%clk
00:52:47]} {[%emt 00:00:59]} 22. Qxg5 {[%clk 00:15:48]} {[%emt 00:00:02]} Bxf3
{[%clk 00:52:41]} {[%emt 00:00:37]} 23. Nf4 {[%clk 00:15:56]} {[%emt 00:00:22]}
Qg4+ {[%clk 00:50:49]} {[%emt 00:02:21]} 24. Kf2 {[%clk 00:15:07]} {[%emt
00:01:19]} Ba7 {[%clk 00:45:46]} {[%emt 00:05:34]} 25. Ke3 {[%clk 00:14:35]}
{[%emt 00:01:03]} Rac8 {[%clk 00:45:33]} {[%emt 00:00:42]} 26. Bb3 {[%clk
00:12:00]} {[%emt 00:03:05]} Qxg5 {[%clk 00:41:30]} {[%emt 00:04:33]} 27. hxg5
{[%clk 00:12:28]} {[%emt 00:00:02]} Be4 {[%clk 00:41:46]} {[%emt 00:00:14]} 28.
g6 {[%clk 00:08:47]} {[%emt 00:04:11]} Rfe8 {[%clk 00:42:09]} {[%emt 00:00:07]}
29. Rf2 {[%clk 00:05:49]} {[%emt 00:03:27]} Kf8 {[%clk 00:39:41]} {[%emt
00:02:59]} 30. Rh2 {[%clk 00:05:33]} {[%emt 00:00:46]} Ke7 {[%clk 00:39:59]}
{[%emt 00:00:11]} 31. Rh7 {[%clk 00:05:49]} {[%emt 00:00:15]} Rg8 {[%clk
00:40:17]} {[%emt 00:00:12]} 32. Nh5 {[%clk 00:02:51]} {[%emt 00:03:28]} Kf8
{[%clk 00:37:50]} {[%emt 00:02:56]} 33. Ng3 {[%clk 00:01:20]} {[%emt 00:02:02]}
Bc6 {[%clk 00:36:32]} {[%emt 00:01:49]} 34. Rf1 {[%clk 00:01:17]} {[%emt
00:00:32]} Ke7 {[%clk 00:34:59]} {[%emt 00:02:02]} 35. Nh5 {[%clk 00:01:38]}
{[%emt 00:00:10]} Bb5 {[%clk 00:26:17]} {[%emt 00:09:12]} 36. Rf2 {[%clk
00:00:45]} {[%emt 00:01:23]} Kf8 {[%clk 00:17:09]} {[%emt 00:09:37]} 37. Rxf5+
{[%clk 00:00:34]} {[%emt 00:00:42]} exf5 {[%clk 00:17:35]} {[%emt 00:00:04]} 38.
Bxg8 {[%clk 00:01:00]} {[%emt 00:00:04]} Re8 {[%clk 00:15:16]} {[%emt
00:02:48]} 39. Bf7 {[%clk 00:00:34]} {[%emt 00:00:56]} Rxe5+ {[%clk 00:15:32]}
{[%emt 00:00:15]} 40. Kf4 {[%clk 00:00:41]} {[%emt 00:00:23]} Bxd4 {[%clk
00:13:02]} {[%emt 00:03:00]} 41. Rh8+ {[%clk 00:00:43]} {[%emt 00:00:28]} Ke7
{[%clk 00:13:26]} {[%emt 00:00:06]} 42. Nxg7 {[%clk 00:15:00]} {[%emt
00:16:13]} Re4+ {[%clk 00:40:32]} {[%emt 00:03:24]} 43. Kxf5 {[%clk 00:15:11]}
{[%emt 00:00:19]} Bd3 {[%clk 00:40:57]} {[%emt 00:00:05]} 44. Re8+ {[%clk
00:15:20]} {[%emt 00:00:20]} Kd6 {[%clk 00:41:21]} {[%emt 00:00:07]} 45. Rxe4
{[%clk 00:15:45]} {[%emt 00:00:05]} Bxg7 {[%clk 00:41:46]} {[%emt 00:00:05]} 46.
Bc4 {[%clk 00:15:15]} {[%emt 00:01:00]} 1/2-1/2

[Event "European Chess Club Cup 2023"]
[Site "Durres, Albania"]
[Date "2023.10.03"]
[Round "3.36"]
[White "Gurel, Ediz"]
[Black "Kisic, Bozidar"]
[Result "1-0"]
[TimeControl "90' + 30' & 30\""]
[WhiteElo "2514"]
[BlackElo "2211"]

1. e4 {[%clk 01:30:54]} {[%emt 00:00:06]} Nf6 {[%clk 01:30:13]} {[%emt
00:00:48]} 2. e5 {[%clk 01:31:13]} {[%emt 00:00:11]} Nd5 {[%clk 01:30:36]}
{[%emt 00:00:07]} 3. d4 {[%clk 01:31:30]} {[%emt 00:00:13]} d6 {[%clk
01:30:05]} {[%emt 00:01:00]} 4. c4 {[%clk 01:31:49]} {[%emt 00:00:12]} Nb6
{[%clk 01:30:28]} {[%emt 00:00:06]} 5. f4 {[%clk 01:32:08]} {[%emt 00:00:11]}
dxe5 {[%clk 01:29:38]} {[%emt 00:01:20]} 6. fxe5 {[%clk 01:32:30]} {[%emt
00:00:08]} Nc6 {[%clk 01:29:37]} {[%emt 00:00:30]} 7. Be3 {[%clk 01:32:45]}
{[%emt 00:00:16]} Bf5 {[%clk 01:29:38]} {[%emt 00:00:28]} 8. Nc3 {[%clk
01:32:49]} {[%emt 00:00:27]} e6 {[%clk 01:29:21]} {[%emt 00:00:47]} 9. Nf3
{[%clk 01:33:07]} {[%emt 00:00:14]} Bb4 {[%clk 01:28:57]} {[%emt 00:00:53]} 10.
Be2 {[%clk 01:22:47]} {[%emt 00:10:50]} Na5 {[%clk 01:27:48]} {[%emt 00:01:37]}
11. c5 {[%clk 01:19:21]} {[%emt 00:03:58]} Nd5 {[%clk 01:27:51]} {[%emt
00:00:26]} 12. Bd2 {[%clk 01:19:38]} {[%emt 00:00:13]} Ne7 {[%clk 01:27:25]}
{[%emt 00:00:56]} 13. O-O {[%clk 01:14:19]} {[%emt 00:05:50]} O-O {[%clk
01:22:53]} {[%emt 00:05:01]} 14. Bg5 {[%clk 01:04:57]} {[%emt 00:09:53]} Bxc3
{[%clk 01:18:38]} {[%emt 00:04:44]} 15. bxc3 {[%clk 01:05:22]} {[%emt
00:00:05]} Qd7 {[%clk 01:13:18]} {[%emt 00:05:50]} 16. Nh4 {[%clk 00:57:51]}
{[%emt 00:08:02]} Bg6 {[%clk 01:11:15]} {[%emt 00:02:33]} 17. Nxg6 {[%clk
00:54:55]} {[%emt 00:03:26]} fxg6 {[%clk 01:09:58]} {[%emt 00:01:47]} 18. Qd3
{[%clk 00:43:03]} {[%emt 00:12:21]} b6 {[%clk 01:05:52]} {[%emt 00:04:36]} 19.
Bxe7 {[%clk 00:39:16]} {[%emt 00:04:18]} Qxe7 {[%clk 01:05:22]} {[%emt
00:00:59]} 20. Bg4 {[%clk 00:39:21]} {[%emt 00:00:25]} Rae8 {[%clk 00:55:21]}
{[%emt 00:10:31]} 21. Rae1 {[%clk 00:33:56]} {[%emt 00:05:55]} Nc6 {[%clk
00:48:31]} {[%emt 00:07:20]} 22. Bd1 {[%clk 00:26:28]} {[%emt 00:07:59]} Nd8
{[%clk 00:44:30]} {[%emt 00:04:30]} 23. cxb6 {[%clk 00:24:38]} {[%emt
00:02:20]} axb6 {[%clk 00:44:41]} {[%emt 00:00:18]} 24. Bb3 {[%clk 00:24:34]}
{[%emt 00:00:35]} c6 {[%clk 00:43:50]} {[%emt 00:01:21]} 25. h3 {[%clk
00:19:47]} {[%emt 00:05:18]} Rxf1+ {[%clk 00:37:29]} {[%emt 00:06:50]} 26. Rxf1
{[%clk 00:20:14]} {[%emt 00:00:04]} Rf8 {[%clk 00:36:31]} {[%emt 00:01:27]} 27.
Rxf8+ {[%clk 00:18:41]} {[%emt 00:02:04]} Qxf8 {[%clk 00:36:36]} {[%emt
00:00:25]} 28. Qa6 {[%clk 00:15:14]} {[%emt 00:03:56]} Qf4 {[%clk 00:30:40]}
{[%emt 00:06:26]} 29. Qxb6 {[%clk 00:15:39]} {[%emt 00:00:05]} Qe3+ {[%clk
00:29:19]} {[%emt 00:01:51]} 30. Kf1 {[%clk 00:13:27]} {[%emt 00:02:43]} Qd3+
{[%clk 00:23:26]} {[%emt 00:06:22]} 31. Ke1 {[%clk 00:13:50]} {[%emt 00:00:07]}
Qxc3+ {[%clk 00:21:26]} {[%emt 00:02:30]} 32. Kd1 {[%clk 00:12:03]} {[%emt
00:02:14]} Qd3+ {[%clk 00:19:30]} {[%emt 00:02:29]} 33. Kc1 {[%clk 00:12:32]}
{[%emt 00:00:02]} Qf1+ {[%clk 00:17:08]} {[%emt 00:02:52]} 34. Bd1 {[%clk
00:08:40]} {[%emt 00:04:22]} Qf4+ {[%clk 00:08:26]} {[%emt 00:09:12]} 35. Kb2
{[%clk 00:08:18]} {[%emt 00:00:52]} Qg5 {[%clk 00:08:23]} {[%emt 00:00:33]} 36.
a4 {[%clk 00:07:34]} {[%emt 00:01:14]} Qxg2+ {[%clk 00:06:19]} {[%emt
00:02:33]} 37. Bc2 {[%clk 00:08:01]} {[%emt 00:00:03]} Qd5 {[%clk 00:03:55]}
{[%emt 00:02:53]} 38. a5 {[%clk 00:08:25]} {[%emt 00:00:07]} c5 {[%clk
00:03:00]} {[%emt 00:01:25]} 39. Qxc5 {[%clk 00:05:14]} {[%emt 00:03:42]} Qa8
{[%clk 00:01:47]} {[%emt 00:01:42]} 40. Qb6 {[%clk 00:05:00]} {[%emt 00:00:44]}
Nc6 {[%clk 00:00:34]} {[%emt 00:01:43]} 41. Be4 {[%clk 00:05:18]} {[%emt
00:00:13]} Nxa5 {[%clk 00:28:57]} {[%emt 00:02:06]} 42. Qxe6+ {[%clk 00:35:43]}
{[%emt 00:00:05]} 1-0

[Event "European Chess Club Cup 2023"]
[Site "Durres, Albania"]
[Date "2023.10.03"]
[Round "3.37"]
[White "Nihal, Sarin"]
[Black "Heimann, Andreas"]
[Result "1/2-1/2"]
[TimeControl "90' + 30' & 30\""]
[WhiteElo "2694"]
[BlackElo "2552"]

1. e4 {[%clk 01:28:16]} {[%emt 00:02:43]} e5 {[%clk 01:30:55]} {[%emt
00:00:06]} 2. Nf3 {[%clk 01:28:42]} {[%emt 00:00:04]} Nc6 {[%clk 01:31:23]}
{[%emt 00:00:03]} 3. Bc4 {[%clk 01:29:06]} {[%emt 00:00:05]} Nf6 {[%clk
01:30:45]} {[%emt 00:01:08]} 4. d3 {[%clk 01:29:29]} {[%emt 00:00:07]} Bc5
{[%clk 01:31:12]} {[%emt 00:00:04]} 5. O-O {[%clk 01:28:28]} {[%emt 00:01:30]}
O-O {[%clk 01:31:20]} {[%emt 00:00:22]} 6. h3 {[%clk 01:28:31]} {[%emt
00:00:26]} d6 {[%clk 01:29:44]} {[%emt 00:02:08]} 7. c3 {[%clk 01:28:31]}
{[%emt 00:00:28]} a6 {[%clk 01:26:31]} {[%emt 00:03:44]} 8. a4 {[%clk
01:28:22]} {[%emt 00:00:39]} h6 {[%clk 01:25:51]} {[%emt 00:01:10]} 9. Re1
{[%clk 01:28:32]} {[%emt 00:00:20]} Ba7 {[%clk 01:23:59]} {[%emt 00:02:23]} 10.
Nbd2 {[%clk 01:26:56]} {[%emt 00:02:04]} Be6 {[%clk 01:23:23]} {[%emt
00:01:07]} 11. Bxe6 {[%clk 01:21:15]} {[%emt 00:06:11]} fxe6 {[%clk 01:22:36]}
{[%emt 00:01:17]} 12. b4 {[%clk 01:16:19]} {[%emt 00:05:25]} Qe8 {[%clk
01:15:48]} {[%emt 00:07:19]} 13. Nf1 {[%clk 01:05:28]} {[%emt 00:11:18]} Nh5
{[%clk 01:11:15]} {[%emt 00:05:06]} 14. Ra2 {[%clk 01:02:09]} {[%emt 00:03:48]}
b5 {[%clk 01:06:23]} {[%emt 00:05:23]} 15. Be3 {[%clk 00:41:08]} {[%emt
00:21:31]} Nf4 {[%clk 01:00:12]} {[%emt 00:06:42]} 16. Bxf4 {[%clk 00:26:49]}
{[%emt 00:14:48]} Rxf4 {[%clk 01:00:08]} {[%emt 00:00:34]} 17. g3 {[%clk
00:27:10]} {[%emt 00:00:09]} Rf8 {[%clk 00:57:56]} {[%emt 00:02:42]} 18. Kg2
{[%clk 00:27:30]} {[%emt 00:00:11]} Qf7 {[%clk 00:50:58]} {[%emt 00:07:27]} 19.
N1h2 {[%clk 00:26:22]} {[%emt 00:01:38]} Bb6 {[%clk 00:51:16]} {[%emt
00:00:13]} 20. Qe2 {[%emt 00:18:07]} Rad8 {[%clk 00:36:46]} 21. axb5 {[%clk
00:23:53]} {[%emt 00:00:22]} axb5 {[%clk 00:37:11]} {[%emt 00:00:04]} 22. Rf1
{[%clk 00:24:17]} {[%emt 00:00:07]} Ra8 {[%clk 00:31:50]} {[%emt 00:05:50]} 23.
Rfa1 {[%clk 00:24:07]} {[%emt 00:00:40]} Rxa2 {[%clk 00:32:14]} {[%emt
00:00:05]} 24. Rxa2 {[%clk 00:24:24]} {[%emt 00:00:14]} Nb8 {[%clk 00:28:46]}
{[%emt 00:03:58]} 25. Ra8 {[%clk 00:18:21]} {[%emt 00:06:32]} Kh7 {[%clk
00:21:04]} {[%emt 00:08:13]} 26. Qc2 {[%clk 00:11:23]} {[%emt 00:07:28]} Qd7
{[%clk 00:18:30]} {[%emt 00:03:04]} 27. Nf1 {[%clk 00:09:06]} {[%emt 00:02:47]}
Qc6 {[%clk 00:17:42]} {[%emt 00:01:18]} 28. Ra2 {[%clk 00:09:00]} {[%emt
00:00:36]} Nd7 {[%clk 00:18:03]} {[%emt 00:00:09]} 29. N1d2 {[%clk 00:09:24]}
{[%emt 00:00:06]} Ra8 {[%clk 00:16:14]} {[%emt 00:02:19]} 30. Rxa8 {[%clk
00:07:48]} {[%emt 00:02:07]} Qxa8 {[%clk 00:16:39]} {[%emt 00:00:04]} 31. Qb3
{[%clk 00:02:57]} {[%emt 00:05:21]} Nf8 {[%clk 00:16:01]} {[%emt 00:01:08]} 32.
d4 {[%clk 00:03:14]} {[%emt 00:00:13]} exd4 {[%clk 00:10:46]} {[%emt 00:05:46]}
33. cxd4 {[%clk 00:03:42]} {[%emt 00:00:01]} Qa4 {[%clk 00:11:04]} {[%emt
00:00:13]} 34. Qc3 {[%clk 00:03:04]} {[%emt 00:01:08]} Kg8 {[%clk 00:10:45]}
{[%emt 00:00:49]} 35. h4 {[%clk 00:02:02]} {[%emt 00:01:31]} Nd7 {[%clk
00:10:19]} {[%emt 00:00:55]} 36. Qc6 {[%clk 00:02:21]} {[%emt 00:00:12]} Nf8
{[%clk 00:09:12]} {[%emt 00:01:38]} 37. Qc3 {[%clk 00:02:47]} {[%emt 00:00:04]}
Nd7 {[%clk 00:09:38]} {[%emt 00:00:03]} 38. h5 {[%clk 00:02:36]} {[%emt
00:00:41]} Qa8 {[%clk 00:08:31]} {[%emt 00:01:37]} 39. Qd3 {[%clk 00:02:50]}
{[%emt 00:00:16]} Qa4 {[%clk 00:07:03]} {[%emt 00:01:58]} 40. Qc3 {[%clk
00:03:14]} {[%emt 00:00:06]} Qa8 {[%clk 00:07:31]} {[%emt 00:00:03]} 41. Qd3
{[%clk 00:17:00]} {[%emt 00:16:44]} Qa4 {[%clk 00:37:24]} {[%emt 00:00:36]} 42.
Qb1 {[%clk 00:16:49]} {[%emt 00:00:41]} Qa8 {[%clk 00:37:22]} {[%emt 00:00:33]}
43. Qd3 {[%clk 00:11:11]} {[%emt 00:06:05]} 1/2-1/2

[Event "European Chess Club Cup 2023"]
[Site "Durres, Albania"]
[Date "2023.10.03"]
[Round "3.38"]
[White "Demuth, Adrien"]
[Black "Volokitin, Andrei"]
[Result "1/2-1/2"]
[TimeControl "90' + 30' & 30\""]
[WhiteElo "2484"]
[BlackElo "2664"]

1. d4 {[%clk 01:30:56]} {[%emt 00:00:03]} Nf6 {[%clk 01:30:45]} {[%emt
00:00:16]} 2. c4 {[%clk 01:31:20]} {[%emt 00:00:07]} e6 {[%clk 01:30:19]}
{[%emt 00:00:55]} 3. Nf3 {[%clk 01:31:34]} {[%emt 00:00:16]} d5 {[%clk
01:29:44]} {[%emt 00:01:05]} 4. Nc3 {[%clk 01:31:53]} {[%emt 00:00:11]} Bb4
{[%clk 01:28:40]} {[%emt 00:01:34]} 5. Bg5 {[%clk 01:31:02]} {[%emt 00:01:21]}
h6 {[%clk 01:28:50]} {[%emt 00:00:20]} 6. Bxf6 {[%clk 01:31:09]} {[%emt
00:00:24]} Qxf6 {[%clk 01:29:15]} {[%emt 00:00:04]} 7. e3 {[%clk 01:31:05]}
{[%emt 00:00:34]} O-O {[%clk 01:29:15]} {[%emt 00:00:30]} 8. Rc1 {[%clk
01:30:51]} {[%emt 00:00:44]} dxc4 {[%clk 01:28:00]} {[%emt 00:01:45]} 9. Bxc4
{[%clk 01:31:13]} {[%emt 00:00:07]} c5 {[%clk 01:28:26]} {[%emt 00:00:04]} 10.
O-O {[%clk 01:31:21]} {[%emt 00:00:23]} cxd4 {[%clk 01:28:49]} {[%emt
00:00:07]} 11. Nxd4 {[%clk 01:30:31]} {[%emt 00:01:20]} Bd7 {[%clk 01:26:30]}
{[%emt 00:02:49]} 12. Qb3 {[%clk 01:30:47]} {[%emt 00:00:14]} Nc6 {[%clk
01:26:34]} {[%emt 00:00:26]} 13. Nxc6 {[%clk 01:31:03]} {[%emt 00:00:14]} Bxc3
{[%clk 01:26:57]} {[%emt 00:00:06]} 14. Rxc3 {[%clk 01:31:11]} {[%emt
00:00:23]} Bxc6 {[%clk 01:27:20]} {[%emt 00:00:07]} 15. Bb5 {[%clk 01:31:33]}
{[%emt 00:00:09]} Bd5 {[%clk 01:26:45]} {[%emt 00:01:04]} 16. Bc4 {[%clk
01:31:56]} {[%emt 00:00:07]} Bc6 {[%clk 01:24:26]} {[%emt 00:02:50]} 17. Bb5
{[%clk 01:32:14]} {[%emt 00:00:11]} Bd5 {[%clk 01:21:28]} {[%emt 00:03:28]} 18.
Bc4 {[%clk 01:32:32]} {[%emt 00:00:12]} Bc6 {[%clk 01:21:50]} {[%emt 00:00:08]}
1/2-1/2

[Event "European Chess Club Cup 2023"]
[Site "Durres, Albania"]
[Date "2023.10.03"]
[Round "3.39"]
[White "Erdos, Viktor"]
[Black "Brunner, Nicolas"]
[Result "1-0"]
[TimeControl "90' + 30' & 30\""]
[WhiteElo "2559"]
[BlackElo "2425"]

1. e4 {[%clk 01:28:40]} {[%emt 00:02:18]} c5 {[%clk 01:30:54]} {[%emt
00:00:07]} 2. Nf3 {[%clk 01:29:04]} {[%emt 00:00:07]} d6 {[%clk 01:31:19]}
{[%emt 00:00:05]} 3. d4 {[%clk 01:29:04]} {[%emt 00:00:29]} cxd4 {[%clk
01:31:43]} {[%emt 00:00:07]} 4. Nxd4 {[%clk 01:29:29]} {[%emt 00:00:04]} Nf6
{[%clk 01:32:07]} {[%emt 00:00:06]} 5. Nc3 {[%clk 01:29:55]} {[%emt 00:00:04]}
a6 {[%clk 01:32:34]} {[%emt 00:00:04]} 6. Bd3 {[%clk 01:30:17]} {[%emt
00:00:08]} e5 {[%clk 01:32:35]} {[%emt 00:00:29]} 7. Nde2 {[%clk 01:30:39]}
{[%emt 00:00:06]} Be7 {[%clk 01:32:55]} {[%emt 00:00:12]} 8. O-O {[%clk
01:30:42]} {[%emt 00:00:26]} Be6 {[%clk 01:33:17]} {[%emt 00:00:08]} 9. f4
{[%clk 01:30:13]} {[%emt 00:00:59]} exf4 {[%clk 01:33:41]} {[%emt 00:00:06]} 10.
Nxf4 {[%clk 01:30:36]} {[%emt 00:00:07]} Nc6 {[%clk 01:34:01]} {[%emt
00:00:12]} 11. b3 {[%clk 01:30:49]} {[%emt 00:00:16]} Ne5 {[%clk 01:29:21]}
{[%emt 00:05:10]} 12. Bb2 {[%clk 01:26:30]} {[%emt 00:04:49]} O-O {[%clk
01:28:03]} {[%emt 00:01:48]} 13. Qe1 {[%clk 01:26:48]} {[%emt 00:00:10]} Re8
{[%clk 01:18:15]} {[%emt 00:10:20]} 14. Rd1 {[%clk 01:26:53]} {[%emt 00:00:24]}
Qb6+ {[%clk 01:15:28]} {[%emt 00:03:17]} 15. Kh1 {[%clk 01:26:13]} {[%emt
00:01:10]} Rad8 {[%clk 01:14:44]} {[%emt 00:01:14]} 16. Qg3 {[%clk 01:19:08]}
{[%emt 00:07:35]} Kh8 {[%clk 01:03:02]} {[%emt 00:12:13]} 17. Ncd5 {[%clk
00:51:41]} {[%emt 00:27:58]} Bxd5 {[%clk 00:54:57]} {[%emt 00:08:34]} 18. Nxd5
{[%clk 00:51:42]} {[%emt 00:00:28]} Nxd5 {[%clk 00:53:59]} {[%emt 00:01:29]} 19.
exd5 {[%clk 00:51:20]} {[%emt 00:00:52]} Bf6 {[%clk 00:46:27]} {[%emt
00:08:01]} 20. Rxf6 {[%clk 00:28:10]} {[%emt 00:23:41]} gxf6 {[%clk 00:46:52]}
{[%emt 00:00:05]} 21. Qh4 {[%clk 00:28:30]} {[%emt 00:00:11]} Kg8 {[%clk
00:45:58]} {[%emt 00:01:23]} 22. Rf1 {[%clk 00:20:47]} {[%emt 00:08:12]} Kf8
{[%clk 00:32:24]} {[%emt 00:14:04]} 23. Qxf6 {[%clk 00:20:01]} {[%emt
00:01:16]} Rd7 {[%clk 00:29:07]} {[%emt 00:03:47]} 24. Qh6+ {[%clk 00:19:28]}
{[%emt 00:01:03]} 1-0